000 03878cam a22012854i 4500
003 PE-LiUPU
005 20250813185522.0
008 150625s r 000 0 d
020 _a8420686689
035 _a(Sirsi) i9788420686684
040 _aPE-LiUPU
_bspa
_cPE-LiUPU
_erda
049 _aPRUA
082 0 4 _a372.3
_bma038
_221
245 0 0 _aDesarrollo psicológico y educación :
_bpsicología de la educación escolar /
_ccompilación de Jesús Palacios, Álvaro Marchesi y César Coll.
250 _a2a
264 1 _aMadrid :
_bAlianza Editorial,
_c2005.
300 _a719 páginas ;
_c24 centímetros
336 _atext
_2rdacontent
337 _aunmediated
_2rdamedia
338 _avolume
_2rdacarrier
490 0 _aEl libro universitario. Manuales / Psicología y educación ;
_v038
504 _aIncluye bibliografía.
505 0 _aPsicología, educación y psicología de la educación. -La explicación de los procesos educativos desde una perspectiva psicológica. -Factores y procesos psicológicos implicados en el aprendisaje escolar. -La dinámica de los procesos de enseñanza y aprendisaje: el aula como contexto. -La psicología de la enseñanza y el aprendizaje de los contenidos escolares. -Los contexrtos del aula y el aprendizaje escolar .
526 _aP202
526 _aP201
526 _aP163
526 _aP162
526 _aP161
526 _aP160
526 _aP148
526 _aP147
526 _aP146
526 _aP145
526 _aP144
526 _aP143
526 _aP142
526 _aP141
526 _aP140
526 _aP139
526 _aP138
526 _aP137
526 _aP136
526 _aP135
526 _aP134
526 _aP133
526 _aP129
526 _aP128
526 _aP127
526 _aP120
526 _aP119
526 _aP118
526 _aP116
526 _aP115
526 _aP114
526 _aP110
526 _aP109
526 _aP108
526 _aP104
526 _aP103
526 _aP102
526 _aP99
526 _aP98
526 _aP97
526 _aP96
526 _aP95
526 _aP93
526 _aP90
526 _aP89
526 _aP88
526 _aP83
526 _aP82
526 _aP62
526 _aP59
526 _aP58
526 _aP57
526 _aP51
526 _aP49
526 _aP48
526 _aP47
526 _aP29
526 _aP24
526 _aP20
526 _aP19
526 _aP17
526 _aP15
526 _aP14
526 _aP12
526 _aP10
526 _aP09
526 _aP08
526 _aP07
526 _aP06
526 _aP05
526 _aP04
526 _aP01
541 _g001-0101314;
541 _g001-0030831;
650 0 4 _aPsicología educativa.
_95560
650 0 4 _aPsicología evolutiva.
700 1 _aColl, César,
_d1950- ,
_ecompilador.
700 1 _aMarchesi, Álvaro,
_ecompilador.
700 1 _aPalacios, Jesús,
_ecompilador.
942 _2ddc
_cBOOK
949 _a372.3 MA 038
_wDEWEY
_c1
_i60762
_lCCODEBUL1
_mBUL
_p99.00
_r0
_sY
_tBOOK
_u2015-6-25
_xSALUD
_PP33
_0COMPRA
_o.STAFF. Colección General
949 _a372.3 MA 038
_wDEWEY
_c2
_i57039
_lCCODEBUL1
_mBUL
_p66.00
_r0
_sY
_tBOOK
_u2015-6-25
_xSALUD
_PP33
_0COMPRA
_o.STAFF. Colección General
994 _aC0
_bPEPRU
596 _a1
999 _a372.3 MA 038
_wDEWEY
_c46161
_i60762
_f2021-11-8
_g5
_lCCODEBUL1
_mBUL
_p99.00
_r0
_sY
_tBOOK
_u2015-6-25
_xEDUCACION
_PP33
_0COMPRA
_o.STAFF. Colección General
_d46161
999 _a372.3 MA 038
_wDEWEY
_c2
_i57039
_f2021-11-5
_g5
_lCCODEBUL1
_mBUL
_p66.00
_r0
_sY
_tBOOK
_u2015-6-25
_xBIBLIOTECA
_PP33
_0COMPRA
_o.STAFF. Colección General
980 _81
_gALBERTO SANCHEZ Responsable de Automatización